000 00277nam a2200109Ia 4500
008 200302s9999 xx 000 0 und d
100 _aTony Chapman
245 _aArchitcture 08 the guide to the riba awards
260 _bMerrell Publishiers Ltd.
260 _c2008
300 _a216
999 _c6742
_d6742